|
|
|
|
| LEADER |
01686nam a2200397 i 4500 |
| 001 |
EBC2048562 |
| 003 |
MiAaPQ |
| 005 |
20200520144314.0 |
| 006 |
m o d | |
| 007 |
cr cnu|||||||| |
| 008 |
150527t20152015ts ob 001 0 eng d |
| 020 |
|
|
|z 9781681080390
|
| 020 |
|
|
|a 9781681080383
|q (electronic bk.)
|
| 035 |
|
|
|a (MiAaPQ)EBC2048562
|
| 035 |
|
|
|a (Au-PeEL)EBL2048562
|
| 035 |
|
|
|a (CaPaEBR)ebr11054746
|
| 035 |
|
|
|a (OCoLC)939554524
|
| 040 |
|
|
|a MiAaPQ
|b eng
|e rda
|e pn
|c MiAaPQ
|d MiAaPQ
|
| 050 |
|
4 |
|a HD30.28
|b .F57 2015
|
| 082 |
0 |
|
|a 658.4012
|2 23
|
| 245 |
0 |
0 |
|a Firms' strategic decisions.
|n Volume 1 :
|b theoretical and empirical findings /
|c editor, Kazuhiro Ohnishi.
|
| 264 |
|
1 |
|a Sharjah, United Arab Emirates :
|b Bentham Science Publishers,
|c 2015.
|
| 264 |
|
4 |
|c 2015
|
| 300 |
|
|
|a 1 online resource (263 pages)
|
| 336 |
|
|
|a text
|2 rdacontent
|
| 337 |
|
|
|a computer
|2 rdamedia
|
| 338 |
|
|
|a online resource
|2 rdacarrier
|
| 504 |
|
|
|a Includes bibliographical references and indexes.
|
| 588 |
|
|
|a Description based on online resource; title from PDF title page (ebrary, viewed May 23, 2015).
|
| 590 |
|
|
|a Electronic reproduction. Ann Arbor, MI : ProQuest, 2016. Available via World Wide Web. Access may be limited to ProQuest affiliated libraries.
|
| 650 |
|
0 |
|a Strategic planning.
|
| 655 |
|
4 |
|a Electronic books.
|
| 700 |
1 |
|
|a Ohnishi, Kazuhiro ,
|e editor.
|
| 776 |
0 |
8 |
|i Print version:
|t Firms' strategic decisions. Volume 1.
|d Sharjah, United Arab Emirates : Bentham Science Publishers, c2015
|h v, 250 pages
|z 9781681080390
|
| 797 |
2 |
|
|a ProQuest (Firm)
|
| 856 |
4 |
0 |
|u https://ebookcentral.proquest.com/lib/matrademy/detail.action?docID=2048562
|z Click to View
|